|
|
|
|
| LEADER |
01860cas a2200241 a 4500 |
| 001 |
AALejournalIMF006406 |
| 008 |
230101c9999 xx r poo 0 0eng d |
| 020 |
|
|
|c 5.00 USD
|
| 020 |
|
|
|z 9781451982725
|
| 022 |
|
|
|a 1018-5941
|
| 040 |
|
|
|a BD-DhAAL
|c BD-DhAAL
|
| 100 |
1 |
|
|a Wezel, Torsten.
|
| 245 |
1 |
0 |
|a Bank Efficiency amid Foreign Entry :
|b Evidence from the Central American Region /
|c Torsten Wezel.
|
| 264 |
|
1 |
|a Washington, D.C. :
|b International Monetary Fund,
|c 2010.
|
| 300 |
|
|
|a 1 online resource (33 pages)
|
| 490 |
1 |
|
|a IMF Working Papers
|
| 500 |
|
|
|a <strong>Off-Campus Access:</strong> No User ID or Password Required
|
| 500 |
|
|
|a <strong>On-Campus Access:</strong> No User ID or Password Required
|
| 506 |
|
|
|a Electronic access restricted to authorized BRAC University faculty, staff and students
|
| 520 |
3 |
|
|a This paper investigates the efficiency of domestic and foreign banks in the Central American region during 2002-07. Using two main empirical approaches, Data Envelopment Analysis and Stochastic Frontier Analysis, the paper finds that foreign banks are not necessarily more efficient than their domestic counterparts. If anything, the regional banks that were acquired by global banks in a wave of acquisitions during 2005-07 can keep up with the local institutions. The efficiency of these acquired banks, however, is shown to have dropped during the acquisition year, recovering only slightly thereafter. Finally, it is important to account for the environment in which banks operate, as country-, sector- and firm-specific characteristics are found to have a considerable influence on bank efficiency.
|
| 538 |
|
|
|a Mode of access: Internet
|
| 830 |
|
0 |
|a IMF Working Papers; Working Paper ;
|v No. 2010/095
|
| 856 |
4 |
0 |
|z Full text available on IMF
|u http://elibrary.imf.org/view/journals/001/2010/095/001.2010.issue-095-en.xml
|z IMF e-Library
|